|
|
|
|
| LEADER |
02260nam a2200457 a 4500 |
| 001 |
EBC3444504 |
| 003 |
MiAaPQ |
| 005 |
20200520144314.0 |
| 006 |
m o d | |
| 007 |
cr cn||||||||| |
| 008 |
070419s2007 wauab sb 001 0 eng d |
| 010 |
|
|
|z 2007016249
|
| 020 |
|
|
|z 9780295987293 (hardback : alk. paper)
|
| 020 |
|
|
|z 0295987294 (hardback : alk. paper)
|
| 020 |
|
|
|a 9780295804095 (electronic bk.)
|
| 035 |
|
|
|a (MiAaPQ)EBC3444504
|
| 035 |
|
|
|a (Au-PeEL)EBL3444504
|
| 035 |
|
|
|a (CaPaEBR)ebr10643257
|
| 035 |
|
|
|a (CaONFJC)MIL810354
|
| 035 |
|
|
|a (OCoLC)929159280
|
| 040 |
|
|
|a MiAaPQ
|c MiAaPQ
|d MiAaPQ
|
| 043 |
|
|
|a a-cc---
|
| 050 |
|
4 |
|a HC428.L47
|b H43 2007
|
| 082 |
0 |
4 |
|a 330.951/38
|2 22
|
| 100 |
1 |
|
|a Heberer, Thomas.
|
| 245 |
1 |
0 |
|a Doing business in rural China
|h [electronic resource] :
|b Liangshan's new ethnic entrepreneurs /
|c Thomas Heberer.
|
| 260 |
|
|
|a Seattle :
|b University of Washington Press,
|c c2007.
|
| 300 |
|
|
|a xii, 268 p. :
|b ill., maps.
|
| 440 |
|
0 |
|a Studies on ethnic groups in China
|
| 504 |
|
|
|a Includes bibliographical references (p. 223-258) and index.
|
| 505 |
0 |
|
|a Introduction : Liangshan and its entrepreneurs -- Nuosu traditional culture and social change -- The Liangshan economic setting and private entrepreneurs -- Private sector development in nine Liangshan counties -- Comparative profiles of Nuosu and Han entrepreneurs -- The effect of entrepreneurs on local politics -- Entrepreneurs and social change -- Entrepreneurs and ethnic relations -- Entrepreneurs and ethnic identity -- Conclusion : the influence of Nuosu entrepreneurs.
|
| 533 |
|
|
|a Electronic reproduction. Ann Arbor, MI : ProQuest, 2015. Available via World Wide Web. Access may be limited to ProQuest affiliated libraries.
|
| 650 |
|
0 |
|a Businessmen
|z China
|z Liangping Xian.
|
| 650 |
|
0 |
|a Entrepreneurship
|z China
|z Liangping Xian.
|
| 650 |
|
0 |
|a Ethnic groups
|z China
|z Liangping Xian.
|
| 651 |
|
0 |
|a Liangping Xian (China)
|x Economic conditions.
|
| 651 |
|
0 |
|a Liangping Xian (China)
|x Ethnic relations.
|
| 651 |
|
0 |
|a Liangping Xian (China)
|x Social conditions.
|
| 655 |
|
4 |
|a Electronic books.
|
| 710 |
2 |
|
|a ProQuest (Firm)
|
| 856 |
4 |
0 |
|u https://ebookcentral.proquest.com/lib/matrademy/detail.action?docID=3444504
|z Click to View
|